Vida y virtudes de la venerable Madre Sacramento

Saved in:
Bibliographic Details
Main Author: Monzoncillo y del Pozo, Tomás (autor)
Format: Book
Language:Spanish
Published: Barcelona Jaime Vives 1920
Subjects:
Tags: Add Tag
No Tags, Be the first to tag this record!

MARC

LEADER 00000nam a2200000 a 4500
001 UCI5139
003 CL-VaPUC
008 080314e19200000SP |||||||||||||||||spa|d
082 0 4 |a 922.2  |b MON  |2 21 
100 |a Monzoncillo y del Pozo, Tomás  |e autor  |9 527241 
245 1 0 |a Vida y virtudes de la venerable Madre Sacramento 
300 |a 286 p 
942 |c BK 
945 |d 20080314 00:00:00  |a rbrito 
260 |a Barcelona  |b Jaime Vives  |c 1920 
500 |a Donación Padres Capuchinos 
600 0 7 |a MADRE SACRAMENTO  |2 CL-VaPUC  |9 527242 
650 0 |a Biografías  |9 255210 
650 0 |a Vida religiosa  |9 257284 
583 |a last modification  |c 20080314 00:00:00  |k Rodrigo Vera 
999 |c 328902  |d 328900 
952 |0 0  |1 0  |4 0  |6 922_200000000000000_MON_1920  |7 0  |8 X  |9 413085  |a FDOBUD  |b FDOBUD  |d 2019-11-22  |i 4411277  |o 922.2 MON 1920  |p 4411277  |r 2019-11-22  |w 2019-11-22  |y BK_X  |k BUD